Communes des campagnes de l'Artois - Statistiques

Statistiques générales
  • Ce quiz a été pris 9 fois
  • Le résultat moyen est 66 sur 96
Réponses sur la Carte
Les réponses sont colorées sur une échelle allant du rouge au vert en fonction du pourcentage des utilisateurs qui les ont devinées à leur premier essai. Vous pouvez retrouver ces pourcentages ci-dessous.
 
Statistiques - réponses
Commune % Correct
Agnez lèz Duisans
100%
Avesnes le Comte
100%
Bailleulmont
100%
Bailleulval
100%
Bavincourt
100%
Berles au bois
100%
Berneville
100%
Duisans
100%
Gouves
100%
Gouy en Artois
100%
Habarcq
100%
Haute Avesnes
100%
La Herlière
100%
Monchiet
100%
Mondicourt
100%
Montenescourt
100%
Pas en Artois
100%
Pommera
100%
Saulty
100%
Simencourt
100%
Sombrin
100%
Wanquetin
100%
Warlincourt lès Pas
100%
Warlus
100%
Warluzel
100%
Ambrines
67%
Aubigny en Artois
67%
Barly
67%
Beaudricourt
67%
Beaufort Blavincourt
67%
Berlencourt le Cauroy
67%
Berles Monchel
67%
Béthonsart
67%
Bienvillers au bois
67%
Canettemont
67%
Capelle Fermont
67%
Chelers
67%
Couin
67%
Coullemont
67%
Couturelle
67%
Denier
67%
Estrée Wamin
67%
Famechon
67%
Fosseux
67%
Frévin Capelle
67%
Givenchy le Noble
67%
Grand Rullecourt
67%
Halloy
67%
Hannescamps
67%
Hauteville
67%
Hermaville
67%
Houvin Houvigneul
67%
Humbercamps
67%
Ivergny
67%
Izel lès Hameau
67%
La Cauchie
67%
Lattre St Quentin
67%
Le Souich
67%
Liencourt
67%
Lignereuil
67%
Magnicourt sur Canche
67%
Manin
67%
Monchy au bois
67%
Noyellette
67%
Noyelle Vion
67%
Penin
67%
Pommier
67%
Rebreuve sur Canche
67%
Rebreuviette
67%
Sarton
67%
Savy Berlette
67%
St Amand
67%
Sus St Léger
67%
Tilloy lès Hermaville
67%
Tincques
67%
Villers Sir Simon
67%
Adinfer
33%
Agnières
33%
Amplier
33%
Bailleul aux Cornailles
33%
Blairville
33%
Camblain l'Abbé
33%
Cambligneul
33%
Frévillers
33%
Gaudiempré
33%
Grincourt lès Pas
33%
Hendecourt lès Ransart
33%
Hénu
33%
Magnicourt en Comté
33%
Maizières
33%
Mingoval
33%
Orville
33%
Sars le Bois
33%
Thièvres
33%
Villers Brûlin
33%
Villers Châtel
33%
Aucun quiz correspondant
Distribution des résultats
% des personnes avec chaque résultat
Percentile par nombre de réponses
Votre historique - résultats
Vous n’avez pas pris ce quiz